José Martí, puente crítico con Europa/

שמור ב:
מידע ביבליוגרפי
מחבר ראשי: Valembois, Víctor
פורמט: ספר
שפה:Spanish
תגים: הוספת תג
אין תגיות, היה/י הראשונ/ה לתייג את הרשומה!

MARC

LEADER 00000nam a22000007a 4500
003 cru CIDCACS/IIS
005 20180316114911.0
007 ta
008 180316n cr |||p|r||||||0| ||spa|d
999 |c 41155  |d 41155 
040 |c cru CIDCACS/IIS 
100 1 |9 6800  |a Valembois, Víctor 
245 1 |a José Martí, puente crítico con Europa/  |c Víctor Valembois 
300 |a páginas 1-2:  |b ilustración 
942 |2 ddc  |c PP 
773 0 |0 41151  |9 1898  |a Universidad Nacional de Costa Rica.  |d Heredia, Costa Rica: IDELA ; ICAT-CIDEA,  |o 18309  |t Suplemento Cultural/